<?xml version="1.0" encoding="UTF-8"?>
<record
    xmlns:xsi="http://www.w3.org/2001/XMLSchema-instance"
    xsi:schemaLocation="http://www.loc.gov/MARC21/slim http://www.loc.gov/standards/marcxml/schema/MARC21slim.xsd"
    xmlns="http://www.loc.gov/MARC21/slim">

  <leader>00421nam a22001217a 4500</leader>
  <datafield tag="999" ind1=" " ind2=" ">
    <subfield code="c">1461</subfield>
    <subfield code="d">1461</subfield>
  </datafield>
  <controlfield tag="005">20200831152530.0</controlfield>
  <controlfield tag="008">200831b           ||||| |||| 00| 0 eng d</controlfield>
  <datafield tag="020" ind1=" " ind2=" ">
    <subfield code="a">0023847603CML</subfield>
  </datafield>
  <datafield tag="040" ind1=" " ind2=" ">
    <subfield code="c">CML</subfield>
  </datafield>
  <datafield tag="245" ind1=" " ind2=" ">
    <subfield code="a">Mathematics for Elementary Teachers A Contemporary Approach.</subfield>
    <subfield code="c">Musser, G.L., Burger, W.F.</subfield>
  </datafield>
  <datafield tag="260" ind1=" " ind2=" ">
    <subfield code="a">New York</subfield>
    <subfield code="b">Macmillan Publishing Company</subfield>
    <subfield code="c">1988</subfield>
  </datafield>
  <datafield tag="942" ind1=" " ind2=" ">
    <subfield code="2">ddc</subfield>
    <subfield code="c">BK</subfield>
    <subfield code="e">1st Edition</subfield>
    <subfield code="h">510.7</subfield>
    <subfield code="m">MUS</subfield>
  </datafield>
  <datafield tag="952" ind1=" " ind2=" ">
    <subfield code="0">0</subfield>
    <subfield code="1">0</subfield>
    <subfield code="2">ddc</subfield>
    <subfield code="4">0</subfield>
    <subfield code="7">0</subfield>
    <subfield code="8">0500 - NAT</subfield>
    <subfield code="a">CML</subfield>
    <subfield code="b">CML</subfield>
    <subfield code="c">NAT</subfield>
    <subfield code="d">2020-08-31</subfield>
    <subfield code="l">0</subfield>
    <subfield code="o">510.7 MUS</subfield>
    <subfield code="p">9780023847608</subfield>
    <subfield code="r">2020-08-31</subfield>
    <subfield code="t">1</subfield>
    <subfield code="w">2020-08-31</subfield>
    <subfield code="y">BK</subfield>
  </datafield>
</record>
